000 00905nam0a22002411 4500
001 rc\2613971
005 20250623135713.0
035 _a(NLR Aleph) 006777784
090 _a6012084
_c6012084
100 _a20110914d1930 |||y0rusy50 ca
101 0 _arus
102 _aRU
105 _aae z |||||
200 1 _aРабочая книга по животноводству
_e1-й год обуч. для низших с.-х. школ
_eС 198 рис.
_fВл. Федоров, агр. препод. Иванов. с.-х. школы
210 _aМосква
_aЛенинград
_cСельхозгиз
_d1930
_g8-я тип. "Мосполиграф"
215 _a231 с., [1] с. объявл.
_cил., черт., план.
_d21х15 см.
700 1 _aФедоров
_bВл.
801 0 _aRU
_bNLR
_gpsbo
801 1 _aRU
_bELAR
_2rusmarc
852 _aNLR
_j30.3/972
942 _cBOOK
980 _aNB